000 00485cam a2200205ua 4500
001 8697
005 20260515114351.0
008 150212n ii |||gr||||Z||||||eng
020 _a9788184953558
040 _cMAIN
041 _aeng
082 _a920
100 _aLarsen, K.,
_eAuthor.
245 1 _aStephrn hawking
_cBy Kristine Larsen
250 _a2nd.
260 _aNew Delhi:
_bJaico,
_c2013.
300 _axv,166p.
653 _aBiography, genealogy & insignia
942 _cBK
999 _c7789
_d7789